000 02231cam a22004454i 4500
003 PE-LiUPU
005 20250731175644.0
008 150616s r 000 0 d
035 _a(Sirsi) a5969
040 _aPE-LiUPU
_bspa
_cPE-LiUPU
_erda
049 _aPRUA
082 0 4 _a492.121
_bC66
_221
100 1 _aCochavi-Rainey, Zipora,
_eautor.
245 1 0 _aRoyal Gifts in the Late Bronze Age Fourteenth to Thirteenth Centuries B.C.E. :
_bSelected Texts Recording Gifts to Royal Personages /
_ctranscriptions and translations by Zipora Cochavi-Rainey ; with archaeological contributions by Christine Lilyquist.
264 1 _aBen-Gurion :
_bUniversity of the Negev Press,
_c1999.
300 _a245 páginas :
_bilustraciones figs,map,lám ;
_c25 c.
336 _atext
_2rdacontent
337 _aunmediated
_2rdamedia
338 _avolume
_2rdacarrier
490 0 _aBeer-Sheva. Studies by department of Bible and Anciet Near East ;
_v13
504 _aIncluye referencias bibliográficas.
505 0 _aGift from Amenhotep IV of Egipt to Babilonia -- Gifts from Tushratta, King of Mitanni -- Other Gifts sent during the XVIII the Dynasty -- A trouseau for an Amurrite Princess at Ugarit -- Tributte Gifts fom the King of Ugarit to the King of the Hittites -- Personal Gifts fom Ramesses IIand his Fmily -- The objets Mentioned in ihe Texts By Christine Lilyquist -- Philological Notes to EA 14 -- Prominent Ideograms.
526 _aP145
526 _aP127
526 _aP97
526 _aP35
526 _aP14
526 _aP07
650 0 4 _aAcadio
_xTextos.
650 0 4 _aRegalos diplomáticos
_zCercano Oriente
_xHistoria
_yca. 1500.
650 0 4 _aEgipto
_xAntigüedades.
_93195
700 1 _aLilyquist, Christine.
910 _ajck
_bjvq
_cjck
942 _2ddc
_cBOOK
949 _a492.121 C66
_wDEWEY
_c1
_i54678
_lCCODEBUL1
_mBUL
_p00.00
_r0
_sY
_tBOOK
_u2015-04-23
_xBIBLIOTECA
_zUNKNOWN
_0COMPRA
_o.STAFF. Colección General
994 _aC0
_bPEPRU
596 _a1
999 _a492.121 C66
_wDEWEY
_c57051
_i54678
_f2021-11-5
_g5
_lCCODEBUL1
_mBUL
_r0
_sY
_tBOOK
_u2015-4-23
_xBIBLIOTECA
_zUNKNOWN
_0COMPRA
_o.STAFF. Colección General
_d57051
980 _81
_gALBERTO SANCHEZ Responsable de Automatización